| 000 | 00842cam a22002777a 4500 | ||
|---|---|---|---|
| 003 | CHAP | ||
| 005 | 20220329135213.0 | ||
| 008 | 971013s r 00010 d | ||
| 010 | _a32550 | ||
| 011 | _a33522 | ||
| 035 | _a37638 | ||
| 040 | _cCHAP | ||
| 090 | _aR-990 | ||
| 100 | 0 | 0 |
_aMatsumura, Seiji. _973059 |
| 245 | 0 | _aF1 hybrids between three species Triticum and Agropyron intermedium | |
| 500 | _aSobretiro de: Wheat Information Service No. 4:13-15, 1956 | ||
| 590 |
_aBATCH-UPD _b10 _c20130110 _lUCH01 _h2137 |
||
| 590 |
_aBATCH-UPD _b10 _c20130410 _lUCH01 _h1445 |
||
| 590 |
_aBATCH-UPD _b10 _c20130914 _lUCH01 _h1804 |
||
| 590 |
_aCONVERSION _b10 _c20130109 _lUCH01 _h1318 |
||
| 650 | 1 | 4 |
_aAgropiro. _92211 |
| 650 | 1 | 4 |
_aTrigo _xHÃbridos. _9115039 |
| 901 | _aBK | ||
| 942 | _cREIMP | ||
| 949 |
_aR-990 _bBC _cR _d-86257 _eTS1 _i37638 _si |
||
| 999 |
_c32550 _d32550 |
||